Culture Générale - Série 1630 - Statistiques

Statistiques générales
  • Ce quiz a été pris 104 fois
  • Le résultat moyen est 5 sur 10
Statistiques - réponses
Question Réponse % Correct
Quel biologiste né en 1822, connu pour ses travaux sur les microbes et sur la vaccination, a laissé son nom à un institut scientifique renommé ? Louis Pasteur
87%
De quel groupe de musique Agnetha, Björn, Benny et Frida étaient-il les membres ? Abba
86%
Quelle est la nationalité du tennisman Carlos Moya, vainqueur de Roland-Garros en 1998 ? espagnole
69%
De quel pays africain la ville de Conakry est-elle la capitale ? Guinée
69%
Début 1964, avec quel groupe anglais Sylvie Vartan partage-t-elle l'affiche de l'Olympia ? The Beatles
60%
Quel mot désigne à la fois le bout du museau d'un ruminant, et une personne grossière et indélicate ? mufle
47%
À quelle dynastie le roi d'Angleterre Richard Ier Coeur de Lion appartenait-il ? Plantagenêt
45%
De quel pays Roman Herzog a-t-il été le président, de 1994 à 1999 ? Allemagne
34%
Quelle chanteuse a représenté la France au Concours de l'Eurovision de 1968, en interprétant : "La Source" ? Isabelle Aubret
23%
Blouse de travail ample et courte que l'on porte au-dessus des autres vêtements sarrau
5%
Aucun quiz correspondant
Distribution des résultats
% des personnes avec chaque résultat
Percentile par nombre de réponses
Votre historique - résultats
Vous n’avez pas pris ce quiz